000 01209cam a2200313 a 4500
999 _c331027
_d331027
001 15932567
003 NUST
005 20180117090030.0
008 091005s2011 maua b 001 0 eng
010 _a 2009041843
020 _a9780137013449 (pbk.)
020 _a0137013442 (pbk.)
035 _a(OCoLC)ocn456421174
040 _aDLC
_cDLC
_dYDX
_dYDXCP
_dDLC
050 0 0 _aLB1028
_b.C515 2011
082 0 0 _a370.72
_222
100 1 _aMertler, Craig A.
_94422
245 1 0 _aIntroduction to educational research /
_cCraig A. Mertler, C.M. Charles.
250 _a7th ed.
260 _aBoston :
_bPearson/Allyn & Bacon,
_cc2011.
300 _axxvi, 405 p. :
_bill. ;
_c28 cm.
504 _aIncludes bibliographical references and indexes.
650 0 _aEducation
_xResearch
_xMethdology.
_94423
700 1 _aCharles, C. M.
_94424
906 _a7
_bcbc
_corignew
_d1
_eecip
_f20
_gy-gencatlg
942 _2ddc
_cBK